The king's equal / (Record no. 3264)

MARC details
000 -LEADER
fixed length control field 01101pam a2200325 a 4500
001 - CONTROL NUMBER
control field 3264
003 - CONTROL NUMBER IDENTIFIER
control field FISKH
005 - DATE AND TIME OF LATEST TRANSACTION
control field 20240222141553.0
008 - FIXED-LENGTH DATA ELEMENTS--GENERAL INFORMATION
fixed length control field 900112s1992 nyua j 000 1 eng
010 ## - LIBRARY OF CONGRESS CONTROL NUMBER
LC control number 90030527
020 ## - INTERNATIONAL STANDARD BOOK NUMBER
International Standard Book Number 0060224967
020 ## - INTERNATIONAL STANDARD BOOK NUMBER
International Standard Book Number 0060224975 (lib. bdg.)
040 ## - CATALOGING SOURCE
Original cataloging agency DLC
Transcribing agency DLC
Modifying agency DLC
Language of cataloging eng
042 ## - AUTHENTICATION CODE
Authentication code lcac
050 00 - LIBRARY OF CONGRESS CALL NUMBER
Classification number PZ8.P274
Item number Ki 1992
082 00 - DEWEY DECIMAL CLASSIFICATION NUMBER
Classification number [E]
Edition number 20
100 1# - MAIN ENTRY--PERSONAL NAME
Personal name Paterson, Katherine.
245 14 - TITLE STATEMENT
Title The king's equal /
Statement of responsibility, etc. by Katherine Paterson ; illustrated by Curtis Woodbridge
250 ## - EDITION STATEMENT
Edition statement First Scholastic printing, September 1999
260 ## - PUBLICATION, DISTRIBUTION, ETC.
Place of publication, distribution, etc. New York :
Name of publisher, distributor, etc. Scholastic,
Date of publication, distribution, etc. 1992
300 ## - PHYSICAL DESCRIPTION
Extent 64 pages :
Other physical details illustrations ;
Dimensions 20 cm
505 ## - FORMATTED CONTENTS NOTE
Formatted contents note R<br/>
520 ## - SUMMARY, ETC.
Summary, etc. In order to wear the crown of the kingdom, an arrogant young prince must find an equal in his bride. Instead, he finds someone far better than he.
521 8# - TARGET AUDIENCE NOTE
Target audience note 780<br/>
Source Lexile <br/>
521 8# - TARGET AUDIENCE NOTE
Target audience note R<br/>
Source Raz-Plus<br/>
650 #1 - SUBJECT ADDED ENTRY--TOPICAL TERM
Topical term or geographic name entry element Fairy tales.
Form subdivision juvenile fiction
700 ## - ADDED ENTRY--PERSONAL NAME
Personal name Woodbridge, Curtis
Relator term Illustrator
906 ## - LOCAL DATA ELEMENT F, LDF (RLIN)
a 7
b cbc
c orignew
d 1
e ocip
f 19
g y-gencatlg
942 ## - ADDED ENTRY ELEMENTS (KOHA)
Source of classification or shelving scheme Dewey Decimal Classification
Koha item type Books
Suppress in OPAC No
Holdings
Withdrawn status Lost status Source of classification or shelving scheme Damaged status Not for loan Collection Home library Current library Shelving location Date acquired Total Checkouts Full call number Barcode Date last seen Date last checked out Price effective from Koha item type
    Dewey Decimal Classification     Juvenile Fiction Footprints International School Library Network Toul Kork Campus Footprints International School Library Network Toul Kork Campus TK Primary Library Room(4th Floor), Bookcase 5&6, Shelves 33-56, Orange Books 02/22/2024 1 PAT 813.54 PZ8.P274 FISTK00497 03/02/2026 02/02/2026 02/22/2024 Books